Záhada leváctví a praváctví

Bibliographic Details
Main Authors: Drnková-Pavlíková, Zdena (Author), Syllabová, Růžena (Author)
Format: Book
Language:Czech
PhysicalDescription:88 s. 20 cm
Published: Praha Avicenum 1991
ISBN:8020101136
Edition:2., dopl.vyd.
Series:Život a zdraví
Subjects:

MARC

LEADER 00000nam a2200000 a 4500
001 vtls001126171
003 SK-MaSNL
005 20260301194054.0
008 250414s1991 CS 0 cze
020 |a 8020101136 
035 |a SNK000069020 
040 |a SNK  |b slo  |c SNK  |e AACR2 
041 0 |a cze 
044 |a [CS] 
080 |a 159.943.7  |2 1981 
100 1 |a Drnková-Pavlíková, Zdena  |4 aut  |9 574133 
245 1 0 |a Záhada leváctví a praváctví  |c Zdena Drnková-Pavlíková, Růžena Syllabová 
250 |a 2., dopl.vyd. 
260 |a Praha  |b Avicenum  |c 1991 
300 |a 88 s.  |c 20 cm 
490 0 |a Život a zdraví 
650 0 7 |a ľaváctvo  |2 SNKPH  |9 71628 
650 0 7 |a praváctvo  |2 SNKPH  |9 76477 
655 7 |a príručky  |2 SNKPH  |9 74364 
700 1 |a Syllabová, Růžena  |4 aut  |9 574134 
852 |a Slovenská národná knižnica 
919 |a 80-201-0113-6 
954 |a ľaváci  |a praváci 
999 |c 880418  |d 882348 
952 |t P60, <04>, [BOOK], {604}  |a SNK  |b SNK  |y VYP  |7 0  |p 17A0114301  |o snkID 91440 D1  |0 0  |1 1  |4 0  |d 1997-12-11  |l 0  |r 2004-12-31 00:00:00  |w 2026-02-24 
952 |t P60, <04>, [BOOK], {604}  |a SNK  |b SNK  |y VYP  |7 0  |p 17A0123899  |o snkID 91440  |0 0  |1 0  |4 0  |d 1998-02-09  |l 0  |r 2004-12-31 00:00:00  |w 2026-02-24